| 000 | 01123nam a22002777a 4500 | ||
|---|---|---|---|
| 005 | 20080923102150.0 | ||
| 008 | 080923t xxu||||| |||| 00| f eng d | ||
| 010 | _aENG-91052 | ||
| 020 |
_c130.00 _a8126024550 |
||
| 035 | _aEN-74585 | ||
| 037 | _bDBAD / PUB | ||
| 040 |
_adpl _bEnglish |
||
| 082 | _aN | ||
| 100 | _aGangopadhyay, Shyamal | ||
| 245 |
_aPossessions / _cby Shyamal Gangopadhyay; translated by Kurchi Dasgupta |
||
| 260 |
_aNew Delhi _bSahitya Akademi _c2006 |
||
| 270 |
_bNew Delhi _aRabindra Bhavan, 35 Ferozeshah Road, _e110001 |
||
| 300 |
_a330p. _c22cm (Hb) |
||
| 500 | _aIncludes glossary | ||
| 500 | _aEnglish translation by Kurchi Dasgupta of Shyamal Gangopadhyay's Bengali novel '" Kuberer bishoy ashoy". | ||
| 650 |
_aBengali fiction _xTranslated into English |
||
| 700 | _aDasgupta, Kurchi | ||
| 942 |
_2ddc _cEN _mGAN _hN |
||
| 999 |
_c15616 _d15616 |
||